[Event "8 Player Open 14"]
[Site "SchemingMind.com"]
[Date "2014.10.08"]
[Round "-"]
[White "emvarela"]
[Black "simpet"]
[Result "1-0"]
[WhiteCountry "ARG"]
[BlackCountry "ENG"]
[WhiteElo "1695"]
[WhiteRD "49"]
[BlackElo "1585"]
[BlackRD "56"]
[GameID "366473"]

1. e4 e5 2. Nf3 Nc6 3. Bb5 Bd6 4. c3 Nf6 5. Bxc6 bxc6 6. O-O Nxe4 7. Re1 Nf6 8. d4 e4 9. Bg5 O-O 10. Bxf6 Qxf6
11. Rxe4 Be7 12. Nbd2 d5 13. Re3 Bg4 14. h3 Bh5 15. Qe1 Bd6 16. Ne5 Bxe5 17. Rxe5 Bg6 18. f4 Qxf4 19. Qf2 Qxf2+ 20. Kxf2 h6
21. Rae1 f6 22. Re6 Be8 23. b4 Kh7 24. Nb3 g5 25. Na5 Rb8 26. Nxc6 Bxc6 27. Rxc6 Rf7 28. Ree6 Kg6 29. g4 Rb6 30. Rxb6 cxb6
31. Rd6 h5 32. Rxd5 h4 33. c4
1-0

[Event "8 Player Open 14"]
[Site "SchemingMind.com"]
[Date "2014.10.08"]
[Round "-"]
[White "simpet"]
[Black "emvarela"]
[Result "0-1"]
[WhiteCountry "ENG"]
[BlackCountry "ARG"]
[WhiteElo "1585"]
[WhiteRD "56"]
[BlackElo "1695"]
[BlackRD "49"]
[GameID "366474"]

1. e4 e5 2. Nf3 Nc6 3. Bc4 Bc5 4. d3 Nf6 5. O-O d5 6. Bb3 Be6 7. exd5 Bxd5 8. c4 Bxf3 9. Qxf3 O-O 10. Nc3 Nd4
11. Qxb7 Rb8 12. Qa6 Nxb3 13. axb3 Rxb3 14. Rd1 Ng4 15. Be3 Nxe3 16. fxe3 Bxe3+ 17. Kh1 Rxb2 18. Nd5 Bd4 19. Rab1 Qb8 20. Rxb2 Qxb2
21. Qa4 c5 22. h3 Rb8 23. Ne7+ Kf8 24. Nc6 Rb7 25. Nxd4 Qxd4 26. Qa3 Qd6 27. d4 exd4 28. Qf3 Rb8 29. Rf1 Qe6 30. Rc1 Qe3
31. Qxe3 dxe3 32. Re1 Re8
0-1

[Event "8 Player Open 14"]
[Site "SchemingMind.com"]
[Date "2014.10.08"]
[Round "-"]
[White "emvarela"]
[Black "Scooter"]
[Result "1/2-1/2"]
[WhiteCountry "ARG"]
[BlackCountry "USA"]
[WhiteElo "1693"]
[WhiteRD "51"]
[BlackElo "1731"]
[BlackRD "44"]
[GameID "366599"]

1. Nf3 Nf6 2. c4 g6 3. Nc3 Bg7 4. d4 O-O 5. g3 d6 6. Bg2 Bg4 7. O-O c6 8. e3 Nbd7 9. Qb3 Qb6 10. Qxb6 axb6
11. a3 Bxf3 12. Bxf3 e6 13. b4 Ra7 14. Ra2 Re8 15. Bb2 d5 16. cxd5 exd5 17. Kg2 b5 18. a4 bxa4 19. Nxa4 Rea8 20. Rfa1 Bf8
21. Nc3 Rxa2 22. Rxa2 Nb6 23. Rxa8 Nxa8 24. b5 Bb4 25. bxc6 bxc6 26. Na4 Ba5 27. h3 Nb6 28. Nxb6 Bxb6 29. Ba3 Ne4 30. Bxe4 dxe4
31. Bc5 Bxc5 32. dxc5 Kf8 33. f3 f5 34. g4 Ke7 35. gxf5 gxf5 36. fxe4 fxe4 37. Kg3 Ke6 38. Kf4 Kd5 39. Kf5 Kxc5 40. Kxe4 Kb4
41. Kd3 c5 42. Kc2 Kc4 43. Kd2 Kb3 44. e4 Kc4 45. Ke3 Kb3 46. e5 c4 47. e6 c3 48. e7 c2 49. e8=Q c1=Q+ 50. Kf3 Qf1+
51. Kg4 Qg2+ 52. Kh4 Qf2+=
1/2-1/2

[Event "8 Player Open 14"]
[Site "SchemingMind.com"]
[Date "2014.10.08"]
[Round "-"]
[White "Scooter"]
[Black "emvarela"]
[Result "1-0"]
[WhiteCountry "USA"]
[BlackCountry "ARG"]
[WhiteElo "1778"]
[WhiteRD "45"]
[BlackElo "1695"]
[BlackRD "49"]
[GameID "366600"]

1. d4 Nf6 2. Nf3 d5 3. Bf4 e6 4. e3 Bd6 5. Bxd6 Qxd6 6. c3 O-O 7. Be2 Nbd7 8. O-O c5 9. Nbd2 cxd4 10. cxd4 a6
11. a3 b5 12. Rc1 Bb7 13. b4 Rac8 14. Nb3 Rxc1 15. Qxc1 Rc8 16. Qb2 Ne4 17. Bd3 Nc3 18. Rc1 Na4 19. Qb1 g6 20. Rxc8+ Bxc8
21. Nc5 Naxc5 22. bxc5 Qc7 23. Qc2 e5 24. Nd2 e4 25. Be2 Qa5= 26. Qb2 Nb8 27. Qa2 Bb7 28. h3 b4 29. a4 Bc6 30. Bd1 Qc7
31. Bb3 Qd7 32. a5 Qb7 33. Nxe4 dxe4 34. d5 Bb5 35. c6 Qc7 36. Qc2 Bd3 37. Qc5 Qe5 38. c7
1-0

[Event "8 Player Open 14"]
[Site "SchemingMind.com"]
[Date "2014.10.07"]
[Round "-"]
[White "Scooter"]
[Black "simpet"]
[Result "1-0"]
[WhiteCountry "USA"]
[BlackCountry "ENG"]
[WhiteElo "1752"]
[WhiteRD "44"]
[BlackElo "1658"]
[BlackRD "61"]
[GameID "366601"]

1. d4 d5 2. Nf3 Bf5 3. Bf4 e6 4. e3 Nf6 5. Bd3 Bxd3 6. Qxd3 Nc6 7. c3 Bd6 8. Bxd6 Qxd6 9. O-O Ng4 10. Nbd2 O-O-O
11. h3 h5 12. e4 e5 13. dxe5 Ncxe5 14. Qxd5 Nxf3+ 15. Nxf3 Qxd5 16. exd5 Nh6 17. c4 Rhe8 18. Rfe1 f6 19. Nd4 g5 20. Ne6 Rd7
21. f3 Nf5 22. Kf2 Rd6 23. Nc5 Rdd8 24. Rxe8 Rxe8 25. Re1 Rxe1 26. Kxe1 Ne3 27. b3 Nxg2+ 28. Kf2 Nf4 29. Kg3 b6 30. Ne4 Ne2+
31. Kf2 Nf4 32. Nxf6 Nxh3+ 33. Kg3 g4 34. Nxh5
1-0

[Event "8 Player Open 14"]
[Site "SchemingMind.com"]
[Date "2014.10.07"]
[Round "-"]
[White "simpet"]
[Black "Scooter"]
[Result "0-1"]
[WhiteCountry "ENG"]
[BlackCountry "USA"]
[WhiteElo "1658"]
[WhiteRD "61"]
[BlackElo "1752"]
[BlackRD "44"]
[GameID "366602"]

1. e4 c6 2. f4 d5 3. e5 Bf5 4. d4 e6 5. Bd3 Bxd3 6. Qxd3 Nd7 7. Nc3 c5 8. b3 cxd4 9. Qxd4 Bc5 10. Qd3 Ne7
11. Nf3 a6 12. Be3 Bxe3 13. Qxe3 O-O 14. O-O Nf5 15. Qd3 Rc8 16. Ne2 b5 17. Nfd4 Nc5 18. Qh3 Nxd4 19. Nxd4 Ne4 20. Rae1 Qb6
21. Qd3 Rc3 22. Qd1 Rfc8 23. Kh1 a5 24. Re2 b4
0-1

[Event "8 Player Open 14"]
[Site "SchemingMind.com"]
[Date "2014.10.13"]
[Round "-"]
[White "emvarela"]
[Black "VLNT_1"]
[Result "1-0"]
[WhiteCountry "ARG"]
[BlackCountry "USA"]
[WhiteElo "1695"]
[WhiteRD "49"]
[BlackElo "1270"]
[BlackRD "82"]
[GameID "366685"]

1. e4 Nc6 2. d4 b6 3. Nc3 Bb7 4. f4 d6 5. Nf3 Qd7 6. Bd3 O-O-O 7. Qe2 e5 8. dxe5 dxe5 9. fxe5 h5 10. Ba6 Bb4
11. Bxb7+ Kxb7 12. Bd2 Nge7 13. O-O-O g6 14. Bg5 Qxd1+ 15. Rxd1 Rxd1+ 16. Nxd1 Rd8 17. Bxe7 Nxe7 18. c3 Bc5 19. b4 Bg1 20. Nxg1 Nc6
21. Nf3 f5 22. exf5 gxf5 23. Ne3 f4 24. Nc4
1-0

[Event "8 Player Open 14"]
[Site "SchemingMind.com"]
[Date "2014.10.13"]
[Round "-"]
[White "VLNT_1"]
[Black "emvarela"]
[Result "0-1"]
[WhiteCountry "USA"]
[BlackCountry "ARG"]
[WhiteElo "1270"]
[WhiteRD "82"]
[BlackElo "1695"]
[BlackRD "49"]
[GameID "366686"]

1. Nf3 Nf6 2. d4 d5 3. e3 e6 4. Be2 c5 5. O-O Nc6 6. dxc5 Bxc5 7. Bb5 Bd7 8. a4 a6 9. Be2 O-O 10. c3 e5
11. b3 e4 12. Ng5 h6 13. Nh3 Bxh3 14. gxh3 Qd7 15. b4 Bd6 16. f3 Qxh3 17. Rf2 exf3 18. Bxf3 Rad8 19. Raa2 Ne4 20. Bxe4 dxe4
21. Qd5 Bxh2+ 22. Rxh2 Qxh2+ 23. Rxh2 Rxd5
0-1

[Event "8 Player Open 14"]
[Site "SchemingMind.com"]
[Date "2014.10.09"]
[Round "-"]
[White "VLNT_1"]
[Black "Scooter"]
[Result "0-1"]
[WhiteCountry "USA"]
[BlackCountry "USA"]
[WhiteElo "1282"]
[WhiteRD "80"]
[BlackElo "1761"]
[BlackRD "48"]
[GameID "366687"]

1. Nc3 Nf6 2. d4 g6 3. Qd3 Bg7 4. Bd2 O-O 5. O-O-O d6 6. e4 Nc6 7. Nf3 Bg4 8. h3 Bxf3 9. gxf3 e5 10. dxe5 Nxe5
11. Qb5 Nxf3 12. Qxb7 Nxd2 13. Kxd2 Re8 14. Qb3 Nxe4+ 15. Nxe4 Rxe4 16. Bg2 Qg5+ 17. Kd3 Rd4+ 18. Ke2 Re8+ 19. Kf3 Qf4#
0-1

[Event "8 Player Open 14"]
[Site "SchemingMind.com"]
[Date "2014.10.09"]
[Round "-"]
[White "Scooter"]
[Black "VLNT_1"]
[Result "0-1"]
[WhiteCountry "USA"]
[BlackCountry "USA"]
[WhiteElo "1761"]
[WhiteRD "48"]
[BlackElo "1282"]
[BlackRD "80"]
[GameID "366688"]

1. d4 d5 2. Nf3 e6 3. Bf4 Be7 4. e3 Nf6 5. Be2 O-O 6. O-O Nc6 7. Nbd2 Nh5 8. Be5 f6 9. Bf4 g5 10. Bg3 g4
11. Nh4 f5 12. Bxg4 fxg4 13. Qxg4+ Ng7
0-1

[Event "8 Player Open 14"]
[Site "SchemingMind.com"]
[Date "2014.10.09"]
[Round "-"]
[White "VLNT_1"]
[Black "simpet"]
[Result "0-1"]
[WhiteCountry "USA"]
[BlackCountry "ENG"]
[WhiteElo "1270"]
[WhiteRD "82"]
[BlackElo "1585"]
[BlackRD "56"]
[GameID "366689"]

1. d4 Nf6 2. e3 e6 3. Qd3 Nc6 4. Bd2 Bb4 5. c3 Ba5 6. b4 Bb6 7. Na3 a6 8. O-O-O d5 9. c4 Ne4 10. Nh3 Qe7
11. Nf4 O-O 12. g3 Nxf2 13. Qc2 Nxh1 14. Bg2 Nf2 15. Rf1 Ng4 16. h3 Nf6 17. h4 a5 18. b5 Qxa3+ 19. Kd1 Nb4 20. Bxb4 Qxb4
21. Nd3 Qa3 22. g4 Nxg4 23. Bh3 Nxe3+ 24. Kd2 Nxc2 25. Kxc2 Bxd4 26. Rf3 Qxa2+ 27. Kd1 Qxc4 28. b6 cxb6 29. Bf1 Qa4+ 30. Ke2 e5
31. Rg3 e4 32. Nf4 Qc2+ 33. Ke1 Bc3+ 34. Rxc3 Qxc3+ 35. Kd1 Qd4+ 36. Ke2 Bg4+ 37. Ke1 e3 38. Nd3 Qa1+ 39. Nc1 Qxc1#
0-1

[Event "8 Player Open 14"]
[Site "SchemingMind.com"]
[Date "2014.10.09"]
[Round "-"]
[White "simpet"]
[Black "VLNT_1"]
[Result "1-0"]
[WhiteCountry "ENG"]
[BlackCountry "USA"]
[WhiteElo "1646"]
[WhiteRD "61"]
[BlackElo "1301"]
[BlackRD "81"]
[GameID "366690"]

1. e4 e6 2. d4 Nf6 3. e5 Nd5 4. Bc4 Nb6 5. Bb3 d5 6. Nf3 Be7 7. O-O O-O 8. Be3 Nc6 9. Nc3 f5 10. exf6 Bxf6
11. Ne2 Qd6 12. c3 Na5 13. Bc2 Nac4 14. b3 Nb2 15. Qb1 Qa3 16. Bc1 Qd6 17. Bxb2 Bd8 18. Bxh7+ Kf7 19. a4 a5 20. Qg6+ Ke7
21. Ba3 c5 22. Bxc5 Rf6 23. Qxg7+ Rf7 24. Bxd6+ Kxd6 25. Qxf7 Ra6 26. Ne5 Bh4 27. Nf4 Na8 28. c4 b5 29. axb5 Rb6 30. Rxa5 Rb7
31. Ra6+ Rb6 32. c5#
1-0

[Event "8 Player Open 14"]
[Site "SchemingMind.com"]
[Date "2014.10.13"]
[Round "-"]
[White "Eric111"]
[Black "emvarela"]
[Result "0-1"]
[WhiteCountry "USA"]
[BlackCountry "ARG"]
[WhiteElo "1468"]
[WhiteRD "48"]
[BlackElo "1700"]
[BlackRD "51"]
[GameID "366789"]

1. e4 e5 2. Bc4 Bc5 3. Nc3 Nf6 4. Nf3 d6 5. O-O Bg4 6. Be2 Bxf3 7. Bxf3 Nc6 8. d3 Qd7 9. a3 Nd4 10. Re1 Nxf3+
11. Qxf3 Ng4 12. h3 Nxf2 13. Be3 Bxe3 14. Rxe3 Nxd3 15. cxd3 O-O 16. Rf1 f6 17. Rc1 c6 18. b4 f5 19. exf5 Rxf5 20. Qe2 Raf8
21. Rf1 Rxf1+ 22. Qxf1 Rxf1+ 23. Kxf1 Qf5+ 24. Rf3 Qe6 25. Re3 d5 26. Re2 Qf5+ 27. Kg1 Qxd3
0-1

[Event "8 Player Open 14"]
[Site "SchemingMind.com"]
[Date "2014.10.13"]
[Round "-"]
[White "emvarela"]
[Black "Eric111"]
[Result "1-0"]
[WhiteCountry "ARG"]
[BlackCountry "USA"]
[WhiteElo "1695"]
[WhiteRD "49"]
[BlackElo "1499"]
[BlackRD "50"]
[GameID "366790"]

1. e4 c5 2. Nf3 Nc6 3. d4 cxd4 4. Nxd4 Nf6 5. Nxc6 bxc6 6. Nc3 e5 7. Bg5 Be7 8. Bxf6 Bxf6 9. Bd3 O-O 10. O-O d5
11. exd5 cxd5 12. Nxd5 Bb7 13. Nxf6+ Qxf6 14. Qe2 Rfe8 15. Be4 Bxe4 16. Qxe4 h6 17. Rad1 Rad8 18. Rxd8 Rxd8 19. Re1 Re8 20. b3 a6
21. f4 Kf8 22. fxe5 Qe6 23. c4 f6 24. Qg6 fxe5 25. Qh7 Qg8 26. Rf1+ Ke7 27. Qxg8 Rxg8 28. Rf3 Ke6 29. Kf2 g5 30. h3 Rd8
31. Re3 Rd2+ 32. Re2 Rd8 33. Ke3 Rc8 34. g4 a5 35. Rd2 Re8 36. Rd5 Ra8 37. Ke4 Ra6 38. Rxe5+ Kd7 39. Rd5+ Ke6 40. Rb5 a4
41. c5 axb3 42. axb3 Rc6 43. Rb6 Rxb6 44. cxb6 Kd6 45. Kf5
1-0

[Event "8 Player Open 14"]
[Site "SchemingMind.com"]
[Date "2014.10.12"]
[Round "-"]
[White "Eric111"]
[Black "VLNT_1"]
[Result "1-0"]
[WhiteCountry "USA"]
[BlackCountry "USA"]
[WhiteElo "1499"]
[WhiteRD "50"]
[BlackElo "1270"]
[BlackRD "82"]
[GameID "366791"]

1. d4 d5 2. c4 e6 3. e3 Qd6 4. Nf3 Bd7 5. Nc3 Nc6 6. cxd5 Nce7 7. dxe6 Bxe6 8. Bb5+ c6 9. Be2 O-O-O 10. O-O Nf6
11. Bd2 b5 12. a3 h5 13. h3 Ng6 14. Bd3 Ne7 15. b4 Neg8 16. e4 Qc7 17. e5 Ne8 18. Rc1 h4 19. Be4 Rh5 20. Bg5 Rd7
21. d5 cxd5 22. Nxd5 Qxc1 23. Qxc1+ Kb8 24. Bxh4 a5 25. Qc6 Rb7 26. bxa5 Bd7 27. Qa6 Bxa3 28. Nc3 Rc7 29. Nxb5 Bxb5 30. Qxb5+ Ka7
31. Rb1 Rh6 32. Qb8+ Ka6 33. Qb6+ Rxb6 34. axb6 Rc8 35. b7 Rb8 36. Nd4 Nc7 37. Nc6 Rxb7 38. Rxb7 Kxb7 39. Ne7+ Kb6 40. Nxg8 Bb2
41. f4 Ne6 42. g3 Bd4+ 43. Kg2
1-0

[Event "8 Player Open 14"]
[Site "SchemingMind.com"]
[Date "2014.10.12"]
[Round "-"]
[White "VLNT_1"]
[Black "Eric111"]
[Result "0-1"]
[WhiteCountry "USA"]
[BlackCountry "USA"]
[WhiteElo "1301"]
[WhiteRD "81"]
[BlackElo "1468"]
[BlackRD "48"]
[GameID "366792"]

1. Nf3 Nf6 2. d4 d5 3. Qd3 Bg4 4. Ne5 Bd7 5. e3 e6 6. Be2 Be7 7. O-O O-O 8. b3 c5 9. dxc5 Bxc5 10. Rd1 Nc6
11. Nf3 Bd6 12. Rd2 e5 13. Bd1 e4 14. Qe2 exf3 15. Qxf3 Bg4 16. Qxg4 Nxg4 17. g3 Nf6 18. Bb2 Be7 19. a4 b6 20. Nc3 Bb4
21. f4 Ne4 22. Rd4 Nxd4 23. Nb1 Nf5 24. c3 Bc5 25. c4 Bxe3+ 26. Kg2 Bd4 27. Bxd4 Nxd4 28. cxd5 Qxd5 29. Bf3 Nxf3 30. Kxf3 Nd2+
31. Ke2 Nxb1 32. Rxb1 Rfe8+ 33. Kf2 Rac8 34. b4 Rc2+ 35. Kf1 Qg2#
0-1

[Event "8 Player Open 14"]
[Site "SchemingMind.com"]
[Date "2014.10.10"]
[Round "-"]
[White "Eric111"]
[Black "Scooter"]
[Result "0-1"]
[WhiteCountry "USA"]
[BlackCountry "USA"]
[WhiteElo "1483"]
[WhiteRD "46"]
[BlackElo "1752"]
[BlackRD "44"]
[GameID "366793"]

1. e4 c6 2. d4 d5 3. e5 Bf5 4. Bd3 Bxd3 5. Qxd3 e6 6. f4 Nd7 7. Nf3 c5 8. c3 cxd4 9. cxd4 Bb4+ 10. Bd2 Bxd2+
11. Nbxd2 Ne7 12. O-O O-O 13. Ng5 g6 14. Qh3 h5 15. g4 Kg7 16. gxh5 Rh8 17. Ndf3 Rxh5 18. Nxe6+ fxe6 19. Qxe6 Nf5 20. Ng5 Qe7
21. Qxe7+ Nxe7 22. Rac1 Rc8 23. Ne6+ Kg8 24. Rxc8+ Nxc8 25. Rc1 Ncb6 26. b3 Rh8 27. Kg2 Kf7 28. Ng5+ Ke7 29. Kg3 Rc8 30. Rxc8 Nxc8
31. h4 Nf8 32. Kg4 Ne6 33. Nxe6 Kxe6 34. f5+ gxf5+ 35. Kg5 Ne7 36. h5 Ng8 37. Kg6 f4 38. Kg7 f3 39. Kxg8 f2 40. h6 f1=Q
41. h7 Qf7+
0-1

[Event "8 Player Open 14"]
[Site "SchemingMind.com"]
[Date "2014.10.10"]
[Round "-"]
[White "Scooter"]
[Black "Eric111"]
[Result "1-0"]
[WhiteCountry "USA"]
[BlackCountry "USA"]
[WhiteElo "1752"]
[WhiteRD "44"]
[BlackElo "1483"]
[BlackRD "46"]
[GameID "366794"]

1. d4 d5 2. Nf3 c6 3. Bf4 Bf5 4. e3 Nf6 5. Bd3 Bxd3 6. Qxd3 Nbd7 7. O-O e6 8. Nbd2 Be7 9. c4 dxc4 10. Nxc4 O-O
11. a3 b5 12. Nce5 Rc8 13. b4 Nd5 14. Nxd7 Qxd7 15. Ne5 Qd8 16. Rac1 Nxf4 17. exf4 Qe8 18. Qf3 Bf6 19. Rxc6 Bxe5 20. Rxc8 Qxc8
21. fxe5 Rd8 22. Qe3 a6= 23. Rc1 Qb7 24. Qc3 h6 25. h4 Qd5 26. Rd1 Qe4 27. g3 Qd5= 28. Rd2 Qb7 29. f3 Qb6 30. Qc5 Qb7
31. Kf2 Rc8 32. Qd6 Rc6 33. Qd8+ Kh7 34. Rd3 Rc2+ 35. Ke3 Rc8 36. Qa5 Rb8 37. Rc3 Qb6 38. Qxb6 Rxb6 39. Ke4 Rb7 40. d5 exd5+
41. Kxd5 g6 42. Kd6 Rb8 43. Rc7 Kg7 44. e6 Rd8+ 45. Kc6 Rf8 46. Rxf7+ Rxf7 47. exf7 Kxf7 48. Kb6
1-0

[Event "8 Player Open 14"]
[Site "SchemingMind.com"]
[Date "2014.10.10"]
[Round "-"]
[White "Eric111"]
[Black "simpet"]
[Result "1/2-1/2"]
[WhiteCountry "USA"]
[BlackCountry "ENG"]
[WhiteElo "1467"]
[WhiteRD "49"]
[BlackElo "1690"]
[BlackRD "61"]
[GameID "366795"]

1. e4 e5 2. Nc3 Nc6 3. d3 Bb4 4. Bd2 d6 5. Nf3 Bg4 6. Be2 Nf6 7. O-O O-O 8. a3 Ba5 9. b4 Bb6 10. Na2 Bxf3
11. Bxf3 Nd4 12. c3 Nxf3+ 13. Qxf3 Qd7 14. Bg5 Qe6 15. Bxf6 Qxf6 16. Qxf6 gxf6 17. Kh1 Kh8 18. c4 Rg8 19. Nc3 Bd4 20. Rac1 c6
21. b5 a5 22. bxc6 bxc6 23. Ne2 Bb6 24. f4 Rg7 25. fxe5 fxe5 26. Ng3 Rag8 27. Rf3 Bc5 28. Rcf1 Rf8 29. Nh5 Rg5 30. Nf6 Kg7
31. Nd7 Rg8 32. Rxf7+ Kh6 33. g3 Bxa3 34. Nf6 R8g7 35. Rxg7 Kxg7 36. Ne8+ Kg6 37. Rf6+ Kh5 38. Nxd6 Bxd6 39. Rxd6 Rg6 40. Rd7 h6
41. Ra7 Rd6 42. Rxa5 Rxd3 43. Rxe5+ Kg4 44. Kg2 Rd2+ 45. Kf1 Kf3 46. Rf5+ Kxe4 47. Rf6 Rxh2 48. Rxc6 Kf3 49. Rf6+ Kxg3 50. c5 Rc2
51. Rxh6= Rxc5 52. Rg6+ Kf4=
1/2-1/2

[Event "8 Player Open 14"]
[Site "SchemingMind.com"]
[Date "2014.10.10"]
[Round "-"]
[White "simpet"]
[Black "Eric111"]
[Result "1-0"]
[WhiteCountry "ENG"]
[BlackCountry "USA"]
[WhiteElo "1658"]
[WhiteRD "61"]
[BlackElo "1483"]
[BlackRD "46"]
[GameID "366796"]

1. e4 c6 2. d4 d5 3. e5 Bf5 4. Bd3 Bxd3 5. Qxd3 e6 6. Nf3 Nd7 7. Bg5 Qa5+ 8. c3 Ne7 9. Nbd2 h6 10. Bh4 Nf5
11. Nb3 Qc7 12. Bg3 Nxg3 13. hxg3 O-O-O 14. g4 g5 15. Nxg5 f6 16. Nxe6 Qb6 17. Nxd8 Qxd8 18. e6 Nb6 19. f4 Qe7 20. f5 Nc4
21. O-O-O Qd6 22. Qf3 Kb8 23. Nd2 Nb6 24. Rhe1 Nc8 25. Nb3 Rh7 26. Nc5 Ne7 27. Nd7+ Ka8 28. Nxf8 Rg7 29. Nd7 b6 30. Nxf6
1-0

[Event "8 Player Open 14"]
[Site "SchemingMind.com"]
[Date "2014.10.12"]
[Round "-"]
[White "Eric111"]
[Black "harijs"]
[Result "0-1"]
[WhiteCountry "USA"]
[BlackCountry "LAT"]
[WhiteElo "1483"]
[WhiteRD "46"]
[BlackElo "2259"]
[BlackRD "109"]
[GameID "366937"]

1. c4 e5 2. Nc3 Nc6 3. d3 Bb4 4. Bd2 Nge7 5. g3 Bxc3 6. Bxc3 d5 7. cxd5 Nxd5 8. Bg2 Be6 9. Nf3 f6 10. O-O Qd7
11. Re1 O-O-O 12. a3 Bh3 13. Bd2 h5 14. Bh1 g5 15. Qc1 h4 16. e4 Nb6 17. Re3 g4 18. Nxh4 Nd4 19. Qd1 Kb8 20. b4 Qa4
21. Qxa4 Nxa4 22. Bg2 Nc2 23. Rc1 Nxe3 24. Bxe3 Rxd3 25. Nf5 Rxa3
0-1

[Event "8 Player Open 14"]
[Site "SchemingMind.com"]
[Date "2014.10.12"]
[Round "-"]
[White "harijs"]
[Black "Eric111"]
[Result "1-0"]
[WhiteCountry "LAT"]
[BlackCountry "USA"]
[WhiteElo "2259"]
[WhiteRD "109"]
[BlackElo "1483"]
[BlackRD "46"]
[GameID "366938"]

1. e4 c6 2. d4 d5 3. e5 Bf5 4. Nd2 e6 5. Nb3 c5 6. dxc5 Nd7 7. Bb5 Ne7 8. Nd4 Rc8 9. b4 a6 10. Ba4 Ng6
11. Nxf5 exf5 12. Qxd5 Nxe5 13. Qxe5+
1-0

[Event "8 Player Open 14"]
[Site "SchemingMind.com"]
[Date "2014.10.13"]
[Round "-"]
[White "emvarela"]
[Black "harijs"]
[Result "0-1"]
[WhiteCountry "ARG"]
[BlackCountry "LAT"]
[WhiteElo "1700"]
[WhiteRD "51"]
[BlackElo "2240"]
[BlackRD "114"]
[GameID "366939"]

1. e4 c5 2. Nf3 Nc6 3. d4 cxd4 4. Nxd4 e5 5. Nxc6 bxc6 6. Bd2 Nf6 7. Nc3 Rb8 8. b3 Bb4 9. Bd3 d5 10. exd5 Nxd5
11. Nxd5 Bxd2+ 12. Qxd2 cxd5 13. O-O-O Qc7 14. Rhe1 O-O 15. f3 a5 16. g4 a4 17. Bxh7+ Kxh7 18. Qxd5 f6 19. Qe4+ Kh8 20. Qxa4 Qc3
21. Rd3 Qxe1+
0-1

[Event "8 Player Open 14"]
[Site "SchemingMind.com"]
[Date "2014.10.13"]
[Round "-"]
[White "harijs"]
[Black "emvarela"]
[Result "1-0"]
[WhiteCountry "LAT"]
[BlackCountry "ARG"]
[WhiteElo "2240"]
[WhiteRD "114"]
[BlackElo "1700"]
[BlackRD "51"]
[GameID "366940"]

1. e4 e5 2. Nf3 Nc6 3. Bb5 a6 4. Ba4 Nf6 5. d3 b5 6. Bb3 Be7 7. a4 Bb7 8. Bg5 h6 9. Bxf6 Bxf6 10. axb5 axb5
11. Nc3 O-O 12. O-O b4 13. Nd5 d6 14. Qd2 Rxa1 15. Rxa1 Be7 16. Nxb4 Nxb4 17. Qxb4 Bc6 18. Ra6 Qd7 19. h3 Ra8 20. Qc4 Rxa6
21. Qxa6 Bf6 22. Bc4 d5 23. exd5 Bxd5 24. Bxd5 Qxd5 25. Qc8+ Kh7 26. Qxc7 e4 27. dxe4 Qd1+ 28. Kh2 Qd2 29. Nxd2
1-0

[Event "8 Player Open 14"]
[Site "SchemingMind.com"]
[Date "2014.10.12"]
[Round "-"]
[White "VLNT_1"]
[Black "harijs"]
[Result "0-1"]
[WhiteCountry "USA"]
[BlackCountry "LAT"]
[WhiteElo "1301"]
[WhiteRD "81"]
[BlackElo "2240"]
[BlackRD "114"]
[GameID "366941"]

1. d4 Nf6 2. e3 d5 3. Qd3 e6 4. Bd2 b6 5. Nc3 Ba6 6. Nb5 c6 7. Nc7+ Qxc7 8. O-O-O Bxd3 9. Bxd3 a6 10. Nf3 c5
11. dxc5 Bxc5 12. h4 b5 13. a3 Nbd7 14. h5 Ng4 15. Be1 Be7 16. c3 Bxa3 17. bxa3 Nxf2 18. Bxf2 Qxc3+ 19. Bc2 Rc8 20. Rd2 Qa1#
0-1

[Event "8 Player Open 14"]
[Site "SchemingMind.com"]
[Date "2014.10.12"]
[Round "-"]
[White "harijs"]
[Black "VLNT_1"]
[Result "1-0"]
[WhiteCountry "LAT"]
[BlackCountry "USA"]
[WhiteElo "2240"]
[WhiteRD "114"]
[BlackElo "1301"]
[BlackRD "81"]
[GameID "366942"]

1. e4 Nf6 2. e5 Ne4 3. d4 e6 4. Nh3 f6 5. Bd3 f5 6. Bc4 Be7 7. c3 O-O 8. Qe2 d6 9. f3 Nxc3 10. Nxc3 d5
11. Bb3 Nc6 12. Be3 a5 13. a3 h6 14. Bf2 f4 15. Bc2 Qd7 16. O-O b6 17. Qd3 Rf5 18. Nxd5 Qxd5 19. Bb3 Qd7 20. Qxf5 Bb7
21. Bxe6+ Qxe6 22. Qxe6+ Kf8 23. Nxf4 Nd8 24. Ng6+ Ke8 25. Qxe7#
1-0

[Event "8 Player Open 14"]
[Site "SchemingMind.com"]
[Date "2014.10.12"]
[Round "-"]
[White "harijs"]
[Black "Scooter"]
[Result "1/2-1/2"]
[WhiteCountry "LAT"]
[BlackCountry "USA"]
[WhiteElo "2234"]
[WhiteRD "111"]
[BlackElo "1761"]
[BlackRD "48"]
[GameID "366943"]

1. e4 c6 2. d4 d5 3. e5 Bf5 4. Nd2 e6 5. Nb3 Nd7 6. Be3 h6 7. a3 Rc8 8. Qd2 c5 9. dxc5 Nxe5 10. Bb5+ Nd7
11. Nf3 a6 12. Ba4 Nf6 13. Ne5 Be7 14. Nd4 O-O 15. O-O Nxe5 16. Nxf5 exf5 17. Qe1 Nc4 18. b4 b5 19. cxb6 Nxb6 20. Bxb6 Qxb6
21. Qxe7 a5 22. Qe5 axb4 23. axb4 Qxb4 24. Qxf5 Ra8 25. Bb3 Qd4 26. Rad1 Qc5 27. Bxd5 Nxd5 28. Qxd5 Qxc2 29. h3= Rfd8 30. Qxd8+ Rxd8
31. Rxd8+ Kh7 32. Rd7 Kg6 33. Re1 Qc3 34. Red1 f6 35. R7d3 Qc2 36. R3d2 Qb3 37. Rd3 Qa4 38. Rd4 Qb3 39. R4d3 Qa4 40. Rd4 Qb3
41. R4d3 Qa4
1/2-1/2

[Event "8 Player Open 14"]
[Site "SchemingMind.com"]
[Date "2014.10.12"]
[Round "-"]
[White "Scooter"]
[Black "harijs"]
[Result "0-1"]
[WhiteCountry "USA"]
[BlackCountry "LAT"]
[WhiteElo "1752"]
[WhiteRD "44"]
[BlackElo "2259"]
[BlackRD "109"]
[GameID "366944"]

1. d4 Nf6 2. Nf3 d5 3. Bf4 Bf5 4. e3 e6 5. Bd3 Bg4 6. Be2 Bxf3 7. Bxf3 Bd6 8. Bxd6 Qxd6 9. c3 Nbd7 10. O-O O-O
11. Nd2 h6 12. e4 dxe4 13. Nxe4 Nxe4 14. Bxe4 c6 15. Re1 Rfd8 16. Qc2 Nf6 17. g3 a5 18. Rad1 a4 19. b3 axb3 20. axb3 Nxe4
21. Qxe4 Ra3 22. Qc2 Rda8 23. b4 Qd5 24. c4 Qf3 25. Rc1 Ra2
0-1

[Event "8 Player Open 14"]
[Site "SchemingMind.com"]
[Date "2014.10.12"]
[Round "-"]
[White "harijs"]
[Black "simpet"]
[Result "1-0"]
[WhiteCountry "LAT"]
[BlackCountry "ENG"]
[WhiteElo "2234"]
[WhiteRD "111"]
[BlackElo "1690"]
[BlackRD "61"]
[GameID "366945"]

1. e4 e5 2. Nf3 Nc6 3. Bc4 Bc5 4. c3 Nf6 5. Ng5 O-O 6. d3 d6 7. O-O h6 8. Bxf7+ Rxf7 9. Nxf7 Kxf7 10. h3 Be6
11. Re1 Ke7 12. b4 Bb6 13. a4 a6 14. Be3 Qd7 15. Bxb6 cxb6 16. Nd2 Rg8 17. Nf1 g5 18. Qd2 Kd8 19. d4 Bc4 20. Ne3 Bf7
21. f3 h5 22. Nd5 Nxd5 23. exd5 Bxd5 24. dxe5 dxe5 25. Rad1 Ne7 26. c4 g4 27. cxd5 gxh3 28. Qh6 Rxg2+ 29. Kh1 Ng6 30. Rc1 Qf5
31. Qe3 Qf6 32. d6 Nh4 33. Qxb6+
1-0

[Event "8 Player Open 14"]
[Site "SchemingMind.com"]
[Date "2014.10.12"]
[Round "-"]
[White "simpet"]
[Black "harijs"]
[Result "0-1"]
[WhiteCountry "ENG"]
[BlackCountry "LAT"]
[WhiteElo "1690"]
[WhiteRD "61"]
[BlackElo "2234"]
[BlackRD "111"]
[GameID "366946"]

1. e4 c5 2. Bc4 e6 3. Nf3 Qa5 4. O-O b5 5. Be2 Bb7 6. d3 d6 7. Bd2 Qb6 8. Nc3 Be7 9. a3 Nd7 10. Be3 a6
11. b4 Qc7 12. bxc5 dxc5 13. Qb1 Bf6 14. Qb3 b4 15. axb4 cxb4 16. Rab1 Bxc3 17. Bd4 Bxd4 18. Nxd4 Ngf6 19. Qxb4 Rb8 20. Qa3 Qe5
21. c3 h5 22. Rb3 Qc5 23. Rfb1 O-O 24. Qc1 Qc7 25. f4 Nc5 26. Rb6 Na4 27. R6b3 Nc5 28. Rb6 Rfc8 29. c4 Rd8 30. Nf3 Nxd3
31. Bxd3 Rxd3 32. e5 Qc5+ 33. Kh1 Ne4 34. h3 Rxf3 35. gxf3 Qf2
0-1